Statistics for JetPunk Spelling Bee

Click here to take the quiz!

General Stats

  • This quiz has been taken 391 times
  • The average score is 20 of 26

Answer Stats

LetterPhoneticWord% Correct
A/ˈæp əl/Apple
99%
B/ˈbʊkˌʃɛlf/Bookshelf
95%
D/ˈdeɪ nɪʃ/Danish
85%
C/ˈkæn ə bəl/Cannibal
84%
E/ɪˈklɪps/Eclipse
84%
F/ˈfræn tɪk/Frantic
82%
G/ˈgɑr nɪʃ/Garnish
81%
H/ˈhæp i/Happy
81%
I/ˈɪn di ən/Indian
80%
J/dʒʊˈræs ɪk/Jurassic
78%
K/ˌkæŋ gəˈru/Kangaroo
78%
L/ˈlɛð ər/Leather
78%
O/oʊˈvɜrt; ˈoʊ vɜrt/Overt
77%
N/ˈneɪm lɪs/Nameless
75%
Q/kwæk/Quack
75%
R/ˈreɪnˌboʊ/Rainbow
75%
S/ˈsæn di/Sandy
74%
T/ˈtɔ kə tɪv/Talkative
73%
U/ʌmˈbrɛl ə/Umbrella
73%
X/ˈɛksˌreɪ/X-ray
73%
V/ˈvi nəs/Venus
72%
Z/ˈzi brə; ˈzɛb rə/Zebra
71%
M/ˈmɛl ənˌkɒl i/Melancholy
66%
W/ˈwɪm bəl dən/Wimbledon
63%
Y/ˈyoʊd l/Yodel
63%
P/ˈfɪl trəm/Philtrum
58%

Score Distribution

Percentile by Number Answered

Percent of People with Each Score

Your Score History

You have not taken this quiz